| 000 | 00640nam a2200181Ia 4500 | ||
|---|---|---|---|
| 003 | IN-BaIIA | ||
| 008 | 211028s9999 xx 000 0 eng d | ||
| 020 | _a92-9092-399-7 | ||
| 040 | _cIIA Library | ||
| 080 |
_a083.8:524 _bESA-4 |
||
| 110 | _aEuropean Space Agency | ||
| 245 | 0 |
_aHipparcos and Tycho Catalogues _bvol. 4, construction of the Tycho catalogue _cEuropean Space Agency |
|
| 260 |
_aNetherlands _bEuropean Space Agency _c1997 |
||
| 300 | _aXii, 299p. | ||
| 490 | _aESA SP-1200 | ||
| 650 |
_aHipparcos and Tycho catalogues, Catalog-Hipparcos and Tycho, Star catalog _921717 |
||
| 942 | _cBK | ||
| 999 |
_c12406 _d12406 |
||